000 00461nam a2200181Ia 4500
001 22923
005 20260414150903.0
008 260414t2017||||xx |||||||||||||| ||spa||
041 _aESP
082 _a624.17
_bV66N
100 _aVillarreal Castro, Genner
_eAUT
245 0 _aNo-linealidad física en edificaciones de concreto armado
_b
260 _c2017
300 _a56 páginas :
_c29 cm.
650 _a0
654 _aCIC
942 _cLIB
_dJUS
_fJUS
_2ddc
_n
999 _c22923
_d22923